• 首页
  • 本馆介绍
  • 公告通知
  • 最新文献
  • 馆藏检索
  • 电子资源
  • 读者导购
  • 参考咨询
  • 我的图书馆
  • 登录
  • 详细信息显示
  • 放入我的书架
  • 预约/预借图书
  • 作者相关作品
  • 分类相关作品
  • 丛书相关作品
  • 出版社相关作品

书目信息

  • 表格格式
  • 工作单格式
  • 卡片格式
题名:
白酒勾兑技术问答
    
 
作者: 李大和 编著
分册:  
出版信息: 北京   中国轻工业出版社  1995
页数: 257页
开本: 19cm
丛书名:
单 册:
中图分类: TS262.3-44
科图分类: 83.6265055
主题词: 白酒--勾兑--问题解答
电子资源:
ISBN: 7-5019-1735-3
000 00735n|m0 2200253 450
001 0102691329
005 20121116170000.0
010    @a7-5019-1735-3@dCNY16.00
011    @a7-5019-1735-3
100    @a20021005d1995 em y0chiy0110 ea
101 0  @achi
102    @aCN@b110000
105    @ay z 000yy
135    @adrbn ---auuuu
200 1  @a白酒勾兑技术问答@9Bai Jiu Gou Dui Ji Shu;Zhu Wen Da @f李大和编著@b电子资源.图书
210    @a北京@c中国轻工业出版社@d1995
215    @a257页@d19cm
325    @a电子复制品
606 0  @a白酒@x勾兑@x问题解答
690    @aTS262.3-44@v3
692    @a83.6265055
701  0 @a李大和@f(1941~)@9li da he@4编著
801  0 @aCN@bAZmarc@c20230904
905    @dTS262.3-44@e1@f4@sTS262.3-44/1@aBZT
    
    白酒勾兑技术问答/李大和编著[电子资源.图书].-北京:中国轻工业出版社,1995
    257页;19cm
    
    
    ISBN 7-5019-1735-3:CNY16.00
    
●
相关链接 在五车中查询图书 在当当中查询图书 在豆瓣中查询图书


正题名:白酒勾兑技术问答     索取号:TS262.3-44/1         预约/预借

序号 登录号 条形码 馆藏地/架位号 状态 备注
1 2000040283   2000040283   旧书回溯/ [索取号:TS262.3-44/1] 在馆    
2 2000040284   2000040284   旧书回溯/ [索取号:TS262.3-44/1] 在馆    
3 2000141141   2000141141   旧书回溯/ [索取号:TS262.3-44/1] 在馆    
4 2000148121   2000148121   旧书回溯/ [索取号:TS262.3-44/1] 在馆    
山东省滨州职业学院图书馆 欢迎您!
大连网信软件有限公司© 版权所有